| 000 | 00755nam a2200265Ia 4500 | ||
|---|---|---|---|
| 003 | OSt | ||
| 005 | 20221007111819.0 | ||
| 006 | a|||||r|||| 00| 0 | ||
| 007 | ta | ||
| 008 | 221006b |||||||| |||| 00| 0 hin d | ||
| 024 | _a24,344 | ||
| 037 | _cTextual | ||
| 040 |
_aLCO _cLCO _bhin |
||
| 041 |
_2hin _ahin |
||
| 082 | _aV:58(Q), P8 | ||
| 100 | _aDesai Mihir | ||
| 245 | 0 |
_aDharma Nirpekshta Aur Qanoon _bPrashikan Nideshika |
|
| 260 |
_aNew _bDelhi Human Rights Law Network India _c2008 |
||
| 300 | _a124 | ||
| 650 |
_aDHARM NIRPEKSHTA _9708533 |
||
| 700 |
_a Dalwai samina _9708534 |
||
| 700 |
_a was Nalini _9708535 |
||
| 942 |
_hV:58(Q), P8 _cTEXL |
||
| 999 |
_c1193907 _d1193907 |
||